Boleto para abordar : el viaje eterno al que todos iremos, lo que vieron quienes regresaron, lo que nos dice Dios de la vida eterna /

Compilación de reflexiones hechas por un médico luego de visitar a enfermos terminales. El autor recoge las expresiones de personas que están en los últimos momentos de su vida, así como las narradas por personas que tuvieron experiencias cercanas a la muerte, luego las trasmite reflexionando sobre...

Descripció completa

Guardat en:
Dades bibliogràfiques
Autor principal: Fuentes Aguirre, Jorge (autor)
Format: Llibre
Idioma:espanyol
Publicat: México : Buena Prensa, 2017, c2017
Matèries:
Etiquetes: Afegir etiqueta
Sense etiquetes, Sigues el primer a etiquetar aquest registre!

MARC

LEADER 00000nam^a2200000^a^4500
001 000418997
005 20250521000000.0
009 20260526144240.853
020 |a 978-607-8293-69-8 
037 |a Acervo ITESO - Biblioteca 
041 |a ESP 
082 |a 236. 1  |b FUE 
100 |a Fuentes Aguirre, Jorge  |e (autor) 
245 1 0 |a Boleto para abordar :  |b el viaje eterno al que todos iremos, lo que vieron quienes regresaron, lo que nos dice Dios de la vida eterna /  |c J. Fuentes Aguirre ; pról. de Adolfo Isassi Chapa. 
264 4 |a México :  |b Buena Prensa,  |c 2017, c2017 
300 |a 160 p. 
336 |a texto  |b txt  |2 rdacontenido 
337 |a sin mediación  |b n  |2 rdamedio 
338 |a volumen  |b nc  |2 rdasoporte 
520 |a Compilación de reflexiones hechas por un médico luego de visitar a enfermos terminales. El autor recoge las expresiones de personas que están en los últimos momentos de su vida, así como las narradas por personas que tuvieron experiencias cercanas a la muerte, luego las trasmite reflexionando sobre ellas desde una perspectiva de fe. 
521 |a FIL 2019 DIA 
649 |a XX 
650 |a Enfermos Terminales -  |x Cuidado e Higiene 
650 |a Cuidados Paliativos 
650 |a Muerte -  |x Tema Principal 
650 |a Vida después de la Muerte 
650 |a Fe 
650 |a Oración (Religión) 
650 |a Bioética 
650 |a Escatología 
650 |a Catolicismo 
650 |a Cristianismo 
650 |a Religión 
910 |a Fondo General 
920 |a Impresos - Libros 
930 |a Colección General 
905 |a 101 
901 |a 0500329572  |b IT1  |c ACC  |i C169981  |u 20250521 
902 |a https://opac.biblio.iteso.mx/vufind/Record/000418997